| 000 | 00849cam a2200289 4500 | ||
|---|---|---|---|
| 001 | 13730 | ||
| 003 | BD-RjUL | ||
| 005 | 20211208235513.0 | ||
| 008 | 140201r19821972ii a b 001 0 eng | ||
| 020 | _a0876921616 | ||
| 035 | _a(BD-RjUL)13782 | ||
| 040 |
_aDLC _cDLC _dBD-RjUL _beng |
||
| 041 | _aeng | ||
| 082 | 0 | 0 |
_a621.3 _bDEP 1982 |
| 100 | 1 |
_aDel Toro, Vincent. _942959 |
|
| 245 | 1 | 0 |
_aPrinciples of electrical engineering / _cVincent Del Toro. |
| 250 | _a2d ed. | ||
| 260 |
_aNew Delhi : _bPrentice-Hall, _cc1972 [Printing 1982]. |
||
| 300 |
_axxi, 804 p. : _billus. ; _c24 cm. |
||
| 490 | 0 | _aPrentice-Hall series in electrical engineering | |
| 500 | _aIncludes index. | ||
| 504 | _aBibliography: p. [784]-786. | ||
| 650 | 0 |
_aElectrical engineering. _942960 |
|
| 942 |
_2ddc _cBK |
||
| 999 |
_c13730 _d13730 |
||